[Event "Glorney Cup"]
[Site "Dublin"]
[Date "2019.07.24"]
[Round "5"]
[White "Lary, Damien"]
[Black "Hilwerda, Jonas"]
[Result "1-0"]
[WhiteElo "2071"]
[BlackElo "2275"]
[PlyCount "85"]
[EventDate "2019.07.22"]
[EventType "team-tourn"]
[EventRounds "5"]
[EventCountry "IRL"]
[SourceTitle "CBM 191 Extra"]
[Source "ChessBase"]
[SourceDate "2019.09.30"]
[SourceVersion "1"]
[SourceVersionDate "2019.09.30"]
[SourceQuality "1"]
[WhiteTeam "France"]
[BlackTeam "Netherlands"]
[WhiteTeamCountry "FRA"]
[BlackTeamCountry "NED"]

1. d4 Nf6 2. c4 e6 3. Nc3 d5 4. Nf3 dxc4 5. e3 a6 6. a4 Bb4 7. Bxc4 0-0 8. 0-0 Nbd7 9. Qe2 c5 10. dxc5 Bxc3 11. bxc3 Nxc5 12. Bb2 Qc7 13. Qc2 Bd7 14. Be2 Bc6 15. c4 Be4 16. Qc3 Rfd8 17. Ne5 Ne8 18. f3 Bc6 19. Qb4 Nd7 20. Nxc6 bxc6 21. Qc3 c5 22. f4 Ndf6 23. Qc2 Rd7 24. e4 Rad8 25. Bc3 h6 26. e5 Nh7 27. Bf3 f5 28. Rab1 Nf8 29. Rb7 Qc8 30. Rb6 Rd3 31. Rfb1 Qd7 32. Rb7 Nc7 33. Ba5 Qd4+ 34. Qf2 Qxc4 35. Bxc7 Rd2 36. Qg3 R8d7 37. h3 Qd3 38. Bd6 Qd4+ 39. Kh2 Qxa4 40. Rb8 Rf7 41. Bxf8 Rxf8 42. Rxf8+ Kxf8 43. Rb8+ 1-0

[Event "FRA-ch U16"]
[Site "Hyeres"]
[Date "2019.04.19"]
[Round "7"]
[White "Defromont, Benjamin"]
[Black "Lary, Damien"]
[Result "1-0"]
[WhiteElo "2200"]
[BlackElo "2067"]
[PlyCount "190"]
[EventDate "2019.04.14"]
[EventType "swiss"]
[EventRounds "9"]
[EventCountry "FRA"]
[SourceTitle "CBM 190 Extra"]
[Source "ChessBase"]
[SourceDate "2019.07.15"]
[SourceVersion "1"]
[SourceVersionDate "2019.07.15"]
[SourceQuality "1"]

1. e4 e6 2. d4 d5 3. Nc3 Bb4 4. Bd3 Nc6 5. Nge2 dxe4 6. Bxe4 Nf6 7. Bf3 e5 8. Bxc6+ bxc6 9. 0-0 Bg4 10. dxe5 Qxd1 11. Rxd1 Bxc3 12. bxc3 Bxe2 13. Re1 Nd5 14. Rxe2 Nxc3 15. Re1 0-0 16. Bb2 Nd5 17. e6 Rfe8 18. exf7+ Kxf7 19. Bd4 a5 20. a3 a4 21. Kf1 Nb6 22. Bc5 Nc4 23. Bb4 Rad8 24. Rxe8 Rxe8 25. Rd1 Nb6 26. Rd4 Re5 27. Rg4 g6 28. Rh4 h5 29. Rf4+ Ke6 30. Rf8 c5 31. Bc3 Rf5 32. Rg8 g5 33. Bd2 g4 34. Ke2 Nc4 35. Bc1 Nd6 36. Ra8 Nb5 37. c4 Nc3+ 38. Ke1 Kd7 39. Be3 Kc6 40. Rb8 Re5 41. Kd2 Ne4+ 42. Kd3 Nf6 43. Ra8 Nd7 44. Rxa4 Re8 45. Ra6+ Nb6 46. Ra5 Nd7 47. a4 Rb8 48. Rb5 Ra8 49. a5 Re8 50. Rb1 Ra8 51. Bd2 Ne5+ 52. Kc3 Rxa5 53. Kb3 Ra8 54. Re1 Nd3 55. Re6+ Kd7 56. Rh6 Nxf2 57. Rxh5 Rb8+ 58. Kc2 Ne4 59. Be3 Rb4 60. Kd3 Nd6 61. Bxc5 Rb2 62. g3 Rb3+ 63. Kd4 Rb2 64. Ba3 Rd2+ 65. Kc3 Ne4+ 66. Kb4 c5+ 67. Kb5 Kd6 68. Rh6+ Ke5 69. Bxc5 Rb2+ 70. Kc6 Rc2 71. Rh5+ Ke6 72. Kb5 Rb2+ 73. Bb4 Nd6+ 74. Kc5 Ne4+ 75. Kd4 Rxb4 76. Re5+ Kf6 77. Rxe4 Kf5 78. Re2 Rb1 79. c5 Rd1+ 80. Kc4 Rc1+ 81. Kd5 Rd1+ 82. Kc6 Rc1 83. Kd6 Rd1+ 84. Kc7 Rc1 85. c6 Kf6 86. Kd7 Rd1+ 87. Kc8 Rc1 88. c7 Kf5 89. Re7 Kf6 90. Kd8 Rc2 91. Rd7 Rxh2 92. c8Q Rh8+ 93. Kc7 Rxc8+ 94. Kxc8 Ke5 95. Rf7 Ke4 1-0

[Event "Robinson Cup U14"]
[Site "Paisley"]
[Date "2018.07.16"]
[Round "1.1"]
[White "Lary, Damien"]
[Black "Gupta, Utkarsh1111"]
[Result "1-0"]
[WhiteElo "2098"]
[BlackElo "1797"]
[PlyCount "81"]
[EventDate "2018.07.16"]
[EventType "team-tourn"]
[EventRounds "5"]
[EventCountry "SCO"]
[SourceTitle "EXT 2023"]
[Source "ChessBase"]
[SourceDate "2022.10.05"]
[SourceVersion "1"]
[SourceVersionDate "2022.10.05"]
[SourceQuality "1"]
[WhiteTeam "France U14"]
[BlackTeam "Ireland U14"]
[WhiteTeamCountry "FRA"]
[BlackTeamCountry "IRL"]

1. d4 Nf6 2. c4 g6 3. f3 Bg7 4. e4 d6 5. Nc3 a6 6. Bg5 Nbd7 7. Qd2 c5 8. a4 0-0 9. d5 Rb8 10. Bh6 Nb6 11. Bd3 Bd7 12. Nge2 Na8 13. h4 b5 14. axb5 axb5 15. cxb5 Nc7 16. h5 Qe8 17. Bc4 e6 18. Bxg7 Kxg7 19. hxg6 fxg6 20. Qh6+ Kg8 21. e5 dxe5 22. Ne4 Nh5 23. Ng5 Rf7 24. dxe6 Bxe6 25. Nxe6 Nxe6 26. Ra6 Re7 27. Rxe6 Rxe6 28. Rxh5 Kf7 29. Rxe5 Rbb6 30. Qxh7+ Kf6 31. Qh4+ Kg7 32. Rxe6 Rxe6 33. Bxe6 Qxe6 34. Qd8 Qb3 35. b6 Qb4+ 36. Kf2 Kh6 37. Qh8+ Kg5 38. Qe5+ Kh6 39. Qf4+ Qxf4 40. Nxf4 g5 41. b7 1-0

[Event "FRA-ch U14"]
[Site "Agen"]
[Date "2018.04.20"]
[Round "7"]
[White "Mas, Victor"]
[Black "Lary, Damien"]
[Result "0-1"]
[WhiteElo "1939"]
[BlackElo "2072"]
[PlyCount "70"]
[EventDate "2018.04.15"]
[EventType "swiss"]
[EventRounds "9"]
[EventCountry "FRA"]
[SourceTitle "EXT 2019"]
[Source "ChessBase"]
[SourceDate "2018.10.10"]
[SourceVersion "1"]
[SourceVersionDate "2018.10.10"]
[SourceQuality "1"]

1. d4 Nf6 2. Nf3 c5 3. d5 e6 4. c4 b5 5. dxe6 fxe6 6. cxb5 d5 7. Bg5 Be7 8. e3 Nbd7 9. Nc3 0-0 10. Be2 Bb7 11. 0-0 Qc7 12. a4 Rad8 13. a5 e5 14. Bxf6 Nxf6 15. b6 axb6 16. Nb5 Qd7 17. Nxe5 Qe6 18. Nf3 bxa5 19. Rxa5 Qb6 20. Ra1 Bc6 21. Na7 Be8 22. Qd2 Ra8 23. Ra6 Qb7 24. Rfa1 Ne4 25. Qd1 c4 26. R6a5 Bc5 27. Nb5 Rxa5 28. Rxa5 Bb6 29. Nd6 Nxd6 30. Rxd5 Nf7 31. Bxc4 Bc6 32. Rf5 Bxf3 33. gxf3 Qe7 34. Qb3 Bc7 35. Qb7 Bxh2+ 0-1

[Event "Avoine op 32nd"]
[Site "Avoine"]
[Date "2017.07.27"]
[Round "6"]
[White "Lary, Damien"]
[Black "Vekemans, Denis"]
[Result "0-1"]
[WhiteElo "1788"]
[BlackElo "1952"]
[PlyCount "90"]
[EventDate "2017.07.22"]
[EventType "swiss"]
[EventRounds "9"]
[EventCountry "FRA"]
[SourceTitle "CBM 179 Extra"]
[Source "ChessBase"]
[SourceDate "2017.08.23"]
[SourceVersion "1"]
[SourceVersionDate "2017.08.23"]
[SourceQuality "1"]

1. d4 c5 2. d5 d6 3. c4 g6 4. e4 Bg7 5. Nc3 e5 6. Be3 f5 7. f3 Nf6 8. Be2 0-0 9. Qd2 Na6 10. 0-0-0 f4 11. Bf2 Nc7 12. g4 a6 13. h4 Bd7 14. Nh3 b5 15. Ng5 b4 16. Nb1 Nfe8 17. Nh3 h6 18. g5 h5 19. Rdg1 Rb8 20. Be1 Na8 21. Bd3 Rf7 22. Kd1 Qa5 23. b3 Qd8 24. Qg2 a5 25. Bd2 a4 26. Bc1 Qa5 27. Bb2 Nb6 28. Nd2 Bc8 29. Bb1 Ra7 30. Nf1 Qa6 31. Qc2 Bd7 32. Ke1 Nxc4 33. bxc4 b3 34. Qc3 a3 35. axb3 axb2 36. Nd2 Qa3 37. Kf2 Ba4 38. Bc2 Bxb3 39. Nxb3 Rab7 40. Qd2 Rxb3 41. Bxb3 Rxb3 42. Kg2 Rxf3 43. Nf2 Rg3+ 44. Kh2 Rxg1 45. Rxg1 Qg3+ 0-1

[Event "Avoine op 32nd"]
[Site "Avoine"]
[Date "2017.07.22"]
[Round "5"]
[White "De Lussac, Rainier"]
[Black "Lary, Damien"]
[Result "1/2-1/2"]
[WhiteElo "2149"]
[BlackElo "1788"]
[PlyCount "133"]
[EventDate "2017.07.22"]
[EventType "swiss"]
[EventRounds "9"]
[EventCountry "FRA"]
[SourceTitle "CBM 179 Extra"]
[Source "ChessBase"]
[SourceDate "2017.08.23"]
[SourceVersion "1"]
[SourceVersionDate "2017.08.23"]
[SourceQuality "1"]

1. Nf3 Nf6 2. d4 g6 3. c4 Bg7 4. g3 0-0 5. Bg2 d6 6. 0-0 c6 7. b3 Qc7 8. Bb2 Re8 9. Nbd2 e5 10. e4 Bg4 11. Qc2 Bxf3 12. Nxf3 Nbd7 13. Rad1 Rac8 14. Rfe1 Nf8 15. Re2 N6d7 16. Bh3 Ne6 17. d5 Nec5 18. Ba3 Rcd8 19. Bxd7 Rxd7 20. Red2 Red8 21. dxc6 bxc6 22. Bxc5 dxc5 23. Rxd7 Rxd7 24. Rd3 Qd8 25. Rxd7 Qxd7 26. Kf1 f6 27. Kg2 Kf7 28. h3 Ke7 29. Qc3 Qd8 30. Qe3 Qd6 31. b4 cxb4 32. Qxa7+ Kf8 33. c5 Qe6 34. Qb8+ Kf7 35. Qxb4 Bf8 36. Ne1 Qxa2 37. Qb7+ Be7 38. Qxc6 Qc4 39. Nf3 Qxc5 40. Qa8 Bf8 41. h4 Qe7 42. Ne1 Kg7 43. Nc2 Qd7 44. Ne3 Qf7 45. Qc8 Qe7 46. Nd5 Qd6 47. g4 Kf7 48. Qb7+ Kg8 49. Qc8 Kf7 50. Qb7+ Kg8 51. Qb3 Kg7 52. f3 Qe6 53. Qb7+ Kg8 54. Qc7 f5 55. gxf5 gxf5 56. Qb6 Qxb6 57. Nxb6 fxe4 58. fxe4 Kf7 59. Nc4 Kf6 60. Kf3 h5 61. Ne3 Bh6 62. Nf5 Bd2 63. Ke2 Bf4 64. Kd3 Bh2 65. Kc4 Bf4 66. Kd5 Bh2 67. Kd6 1/2-1/2

[Event "Avoine op 32nd"]
[Site "Avoine"]
[Date "2017.07.22"]
[Round "4"]
[White "Lary, Damien"]
[Black "Burille, Matthieu"]
[Result "0-1"]
[WhiteElo "1788"]
[BlackElo "2135"]
[PlyCount "140"]
[EventDate "2017.07.22"]
[EventType "swiss"]
[EventRounds "9"]
[EventCountry "FRA"]
[SourceTitle "CBM 179 Extra"]
[Source "ChessBase"]
[SourceDate "2017.08.23"]
[SourceVersion "1"]
[SourceVersionDate "2017.08.23"]
[SourceQuality "1"]

1. d4 Nf6 2. c4 e6 3. Nf3 Bb4+ 4. Nbd2 d5 5. Qa4+ Nc6 6. e3 0-0 7. Bd3 dxc4 8. Bxc4 Re8 9. 0-0 Bd7 10. Qc2 e5 11. dxe5 Ng4 12. a3 Bf8 13. e6 Bxe6 14. b4 Nge5 15. Be2 Nxf3+ 16. Bxf3 Qg5 17. Nb3 Bd6 18. g3 a5 19. Bxc6 Bxb3 20. Qxb3 bxc6 21. Bd2 axb4 22. axb4 h5 23. Ra5 Qg6 24. f4 c5 25. Rxa8 Rxa8 26. bxc5 Bf8 27. Qd5 c6 28. Qd4 Ra2 29. Rc1 h4 30. Be1 Qg4 31. Qd1 Qf5 32. Qf3 Bxc5 33. Bf2 Rc2 34. Rxc2 Qxc2 35. gxh4 Bf8 36. h5 c5 37. Qd5 c4 38. Be1 Qb1 39. Qd2 Qf5 40. Qe2 Qe4 41. Kf2 Be7 42. Qg4 Kh7 43. Kf1 c3 44. Bxc3 Qd3+ 45. Kf2 Qxc3 46. Qf5+ Kg8 47. Kf3 Qc5 48. Qg4 Qd5+ 49. Kf2 Kh7 50. Qe2 Kh6 51. Qc2 Qxh5 52. Qc6+ Bf6 53. Qe8 Qxh2+ 54. Kf3 Qh3+ 55. Ke2 Qe6 56. Qh8+ Kg6 57. Qb8 Qd5 58. Qb1+ Kh5 59. Qg1 g6 60. Qg3 Qh1 61. f5 Bh4 62. Qe5 Qe1+ 63. Kd3 Qb1+ 64. Kd2 Qxf5 65. Qh8+ Kg4 66. Qd4+ Kh3 67. Qa1 Qf3 68. Qa7 f5 69. Qd7 g5 70. Qd3 g4 0-1

[Event "FRA-ch U12"]
[Site "Gonfreville"]
[Date "2016.??.??"]
[Round "4"]
[White "Lary, Damien"]
[Black "Harutyunyan, Safar"]
[Result "0-1"]
[WhiteElo "1760"]
[BlackElo "1748"]
[PlyCount "75"]
[EventDate "2016.04.22"]
[EventType "swiss"]
[EventRounds "9"]
[EventCountry "FRA"]
[SourceTitle "EXT 2019"]
[Source "ChessBase"]
[SourceDate "2018.10.10"]
[SourceVersion "1"]
[SourceVersionDate "2018.10.10"]
[SourceQuality "1"]

1. e4 c5 2. Nf3 d6 3. d4 cxd4 4. Nxd4 Nf6 5. Nc3 Nc6 6. Bc4 e6 7. Be3 Be7 8. Qe2 0-0 9. Rg1 a6 10. g4 d5 11. exd5 exd5 12. Bd3 Re8 13. 0-0-0 Bb4 14. Nxc6 bxc6 15. g5 Bxc3 16. bxc3 Ne4 17. Qh5 Qd6 18. Bxe4 Qa3+ 19. Kd2 dxe4 20. Bd4 Bf5 21. Rb1 Rad8 22. Ke2 Qxa2 23. Rgc1 Qc4+ 24. Ke1 c5 25. Be3 Qxc3+ 26. Kf1 Qc4+ 27. Kg1 Qe6 28. Bxc5 Bg6 29. Qe2 Qf5 30. Be3 Qh3 31. Qxa6 Qg4+ 32. Kh1 Qf3+ 33. Kg1 Bf5 34. Kf1 Qh1+ 35. Ke2 Bg4+ 36. f3 exf3+ 37. Kf2 Qg2+ 38. Ke1 0-1

[Event "FRA-chT U20 16 GP Basse 1213"]
[Site "France"]
[Date "2013.05.20"]
[Round "11.8"]
[White "Lary, Damien"]
[Black "Commin, Augustin"]
[Result "1/2-1/2"]
[WhiteElo "1224"]
[BlackElo "1290"]
[PlyCount "73"]
[EventDate "2012.12.01"]
[EventType "team"]
[EventRounds "11"]
[EventCountry "FRA"]
[SourceTitle "EXT 2014"]
[Source "ChessBase"]
[SourceDate "2013.11.20"]
[SourceVersion "1"]
[SourceVersionDate "2013.11.20"]
[SourceQuality "1"]
[WhiteTeam "Grenoble (U20)"]
[BlackTeam "Tours (U20)"]
[WhiteTeamCountry "FRA"]
[BlackTeamCountry "FRA"]

1. e4 c6 2. d4 d5 3. exd5 cxd5 4. Nc3 Bf5 5. Nf3 e6 6. Bd3 Ne7 7. 0-0 Bxd3 8. Qxd3 Ng6 9. Re1 Bd6 10. Nb5 0-0 11. Nxd6 Qxd6 12. Bd2 Nc6 13. a3 Rfc8 14. Rac1 a5 15. Ng5 h6 16. Nf3 Ra6 17. h3 Rb6 18. Rb1 Nce7 19. Bxa5 Rbc6 20. Bb4 Qc7 21. c3 Nf4 22. Qd2 Neg6 23. Qe3 Nh5 24. Ne5 Nxe5 25. Qxe5 Qxe5 26. Rxe5 Nf4 27. Re3 f5 28. Kh2 g5 29. g3 Nh5 30. Rbe1 Re8 31. Re5 Kf7 32. g4 fxg4 33. hxg4 Nf4 34. R5e3 Rh8 35. Rh1 Rh7 36. Kg3 Rc8 37. Bd6 1/2-1/2

[Event "FRA-chT U20 16 GP Basse 1213"]
[Site "France"]
[Date "2013.05.19"]
[Round "10"]
[White "Lary, Damien"]
[Black "White, Dylan"]
[Result "0-1"]
[WhiteElo "1224"]
[BlackElo "1190"]
[PlyCount "178"]
[EventDate "2012.12.01"]
[EventType "team"]
[EventRounds "11"]
[EventCountry "FRA"]
[SourceTitle "EXT 2014"]
[Source "ChessBase"]
[SourceDate "2013.11.20"]
[SourceVersion "1"]
[SourceVersionDate "2013.11.20"]
[SourceQuality "1"]
[WhiteTeam "Grenoble (U20)"]
[BlackTeam "Lutece (U20)"]
[WhiteTeamCountry "FRA"]
[BlackTeamCountry "FRA"]

1. e4 e5 2. Bc4 Nf6 3. Nf3 Nc6 4. d3 h6 5. 0-0 Bc5 6. Be3 Bb6 7. Nc3 d6 8. Na4 Bg4 9. Nxb6 axb6 10. h3 Bh5 11. c3 0-0 12. Qe2 Re8 13. Bd2 Qd7 14. Qe3 Rad8 15. Nh4 d5 16. exd5 Nxd5 17. Qg3 Nf4 18. Bxf4 exf4 19. Qxf4 Ne5 20. Rfe1 Nxc4 21. Rxe8+ Rxe8 22. Qxc4 Kh8 23. a4 Bg6 24. Nxg6+ fxg6 25. d4 Qd6 26. Rd1 c6 27. Qf7 Re7 28. Qf3 Kh7 29. d5 cxd5 30. Qxd5 Re1+ 31. Rxe1 Qxd5 32. b4 Qb3 33. Re7 Qxc3 34. Rxb7 Qxb4 35. Ra7 b5 36. axb5 Qxb5 37. Ra1 g5 38. Rf1 Qc4 39. g4 Kg6 40. f3 h5 41. Kg2 hxg4 42. hxg4 Qe2+ 43. Rf2 Qd3 44. Kg3 Kf6 45. Kg2 Ke5 46. Kg3 Qd1 47. Kg2 Kd4 48. Rf1 Qb3 49. Kg3 Qb8+ 50. Kg2 Ke3 51. Re1+ Kd2 52. Rf1 Kd3 53. Rd1+ Kc3 54. Rc1+ Kb2 55. Rf1 Ka2 56. Rf2+ Ka3 57. Rf1 Qb2+ 58. Rf2 Qd4 59. Rf1 Qf4 60. Ra1+ Kb3 61. Rb1+ Kc3 62. Rf1 Kd3 63. Rd1+ Ke2 64. Rf1 Qe3 65. Rh1 Qxf3+ 66. Kh2 Qxg4 67. Rg1 Kf3 68. Rxg4 Kxg4 69. Kg2 Kf4 70. Kf2 g4 71. Kg2 g3 72. Kg1 Kg4 73. Kg2 Kh4 74. Kg1 Kh3 75. Kh1 g2+ 76. Kg1 g6 77. Kf2 Kh2 78. Kf3 g1Q 79. Kf4 Qe1 80. Kg5 Qf2 81. Kxg6 Qf4 82. Kg7 Qf5 83. Kg8 Qf6 84. Kh7 Kg3 85. Kg8 Kg4 86. Kh7 Qg5 87. Kh8 Kf5 88. Kh7 Kf6 89. Kh8 Qg7# 0-1

[Event "FRA-chT U20 16 GP Basse 1213"]
[Site "France"]
[Date "2013.05.19"]
[Round "10"]
[White "Vincenzi, Leonard"]
[Black "Lary, Damien"]
[Result "1-0"]
[WhiteElo "1330"]
[BlackElo "1224"]
[PlyCount "107"]
[EventDate "2012.12.01"]
[EventType "team"]
[EventRounds "11"]
[EventCountry "FRA"]
[SourceTitle "EXT 2014"]
[Source "ChessBase"]
[SourceDate "2013.11.20"]
[SourceVersion "1"]
[SourceVersionDate "2013.11.20"]
[SourceQuality "1"]
[WhiteTeam "Lutece (U20)"]
[BlackTeam "Grenoble (U20)"]
[WhiteTeamCountry "FRA"]
[BlackTeamCountry "FRA"]

1. e4 e5 2. Nf3 Nc6 3. Nc3 Nf6 4. Bb5 Bc5 5. 0-0 0-0 6. Nxe5 Nxe5 7. d4 c6 8. dxe5 cxb5 9. exf6 Qxf6 10. Nxb5 Qc6 11. Nc3 d6 12. Nd5 Kh8 13. Bf4 f5 14. exf5 Rxf5 15. Ne7 Qe4 16. Nxf5 Bxf5 17. Bxd6 Rd8 18. Re1 Qc6 19. g4 Rxd6 20. Qf3 g6 21. Qxc6 Rxc6 22. gxf5 gxf5 23. Rad1 Kg8 24. Rd7 Bf8 25. Kh1 Rg6 26. h4 Rg4 27. Rg1 h5 28. Rxg4+ fxg4 29. Rxb7 Bc5 30. Kg2 Bd4 31. c3 Bb6 32. Rxb6 axb6 33. b4 Kf7 34. f3 gxf3+ 35. Kxf3 Ke6 36. Ke4 b5 37. Kd4 Kd6 38. c4 bxc4 39. Kxc4 Kc6 40. b5+ Kb6 41. a4 Kc7 42. Kc5 Kb7 43. a5 Kc7 44. b6+ Kb7 45. a6+ Kc8 46. Kc6 Kb8 47. b7 Ka7 48. Kc7 Kxa6 49. b8Q Ka5 50. Kc6 Ka4 51. Kc5 Ka3 52. Kc4 Ka2 53. Kc3 Ka1 54. Qb2# 1-0

[Event "FRA-chT U20 GpA 1213"]
[Site "France"]
[Date "2013.01.06"]
[Round "7"]
[White "Lary, Damien"]
[Black "Zachary, Matheo"]
[Result "0-1"]
[WhiteElo "1224"]
[BlackElo "1329"]
[PlyCount "80"]
[EventDate "2012.12.01"]
[EventType "team"]
[EventRounds "7"]
[EventCountry "FRA"]
[SourceTitle "EXT 2014"]
[Source "ChessBase"]
[SourceDate "2013.11.20"]
[SourceVersion "1"]
[SourceVersionDate "2013.11.20"]
[SourceQuality "1"]
[WhiteTeam "Grenoble (U20)"]
[BlackTeam "Mulhouse (U20)"]
[WhiteTeamCountry "FRA"]
[BlackTeamCountry "FRA"]

1. d4 d5 2. c4 c6 3. Nc3 Nf6 4. Nf3 dxc4 5. e3 b5 6. a4 Bd7 7. b3 b4 8. Na2 cxb3 9. Nxb4 Qb6 10. Qxb3 a5 11. Bd2 axb4 12. Ne5 e6 13. Nc4 Qb7 14. a5 Nd5 15. Bd3 Na6 16. e4 Ndc7 17. Nb6 Rb8 18. 0-0 Be7 19. Bf4 Rd8 20. Rfc1 0-0 21. Qa4 Be8 22. Qb3 Rxd4 23. Rd1 c5 24. Bxa6 Rxd1+ 25. Rxd1 Nxa6 26. Re1 Bc6 27. f3 Rd8 28. Kh1 h6 29. Be5 Bf6 30. Bxf6 gxf6 31. Qb2 Rd4 32. Qc1 Kg7 33. Qf4 Qc7 34. Qg4+ Kh7 35. Qh4 Qe5 36. f4 Rxe4 37. Rxe4 Qxe4 38. Qf2 Qb1+ 39. Qg1 Qxg1+ 40. Kxg1 Kg6 0-1

[Event "FRA-chT U20 GpA 1213"]
[Site "France"]
[Date "2013.01.05"]
[Round "6"]
[White "Lary, Damien"]
[Black "Buyukyalcin Moussa, Elyes"]
[Result "0-1"]
[WhiteElo "1224"]
[BlackElo "1440"]
[PlyCount "100"]
[EventDate "2012.12.01"]
[EventType "team"]
[EventRounds "7"]
[EventCountry "FRA"]
[SourceTitle "EXT 2014"]
[Source "ChessBase"]
[SourceDate "2013.11.20"]
[SourceVersion "1"]
[SourceVersionDate "2013.11.20"]
[SourceQuality "1"]
[WhiteTeam "Grenoble (U20)"]
[BlackTeam "Bischwiller (U20)"]
[WhiteTeamCountry "FRA"]
[BlackTeamCountry "FRA"]

1. d4 Nf6 2. c4 g6 3. Nc3 d6 4. f3 Bg7 5. e4 0-0 6. Be3 Nbd7 7. Qd2 c5 8. d5 Nb6 9. g4 Nfd7 10. Nge2 Nxc4 11. Qd3 Nxe3 12. Qxe3 Ne5 13. Ng3 Bd7 14. Be2 Rc8 15. h4 a6 16. Kf2 Nxg4+ 17. fxg4 Bd4 18. Nf1 Bxe3+ 19. Nxe3 b5 20. Rag1 b4 21. Ncd1 Bb5 22. Bxb5 axb5 23. Rh3 c4 24. g5 c3 25. bxc3 bxc3 26. Nc2 Qb6+ 27. Kf3 Qxg1 28. Nde3 Qc1 29. Kf2 Qd2+ 30. Kg1 Ra8 31. a3 Rxa3 32. Nxa3 Qc1+ 33. Kf2 Qxa3 34. Kg2 Qb2+ 35. Kf1 c2 36. Nxc2 Qxc2 37. Re3 Qc1+ 38. Ke2 Rb8 39. e5 Qxe3+ 40. Kxe3 b4 41. Kd4 dxe5+ 42. Kxe5 b3 43. Kf4 b2 44. Ke3 b1Q 45. Kd4 Rd8 46. Kc4 Qc1+ 47. Kd4 Qd2+ 48. Kc4 Rc8+ 49. Kb3 Qc2+ 50. Kb4 Rb8+ 0-1

[Event "FRA-chT U20 GpA 1213"]
[Site "France"]
[Date "2012.12.01"]
[Round "1"]
[White "Djian, Lenny"]
[Black "Lary, Damien"]
[Result "0-1"]
[WhiteElo "1353"]
[BlackElo "1224"]
[PlyCount "56"]
[EventDate "2012.12.01"]
[EventType "team"]
[EventRounds "7"]
[EventCountry "FRA"]
[SourceTitle "EXT 2014"]
[Source "ChessBase"]
[SourceDate "2013.11.20"]
[SourceVersion "1"]
[SourceVersionDate "2013.11.20"]
[SourceQuality "1"]
[WhiteTeam "Cannes (U20)"]
[BlackTeam "Grenoble (U20)"]
[WhiteTeamCountry "FRA"]
[BlackTeamCountry "FRA"]

1. d4 Nf6 2. c4 g6 3. Nc3 Bg7 4. e4 d6 5. f4 0-0 6. Nf3 Kh8 7. Be2 c5 8. d5 Ne8 9. Bd2 f5 10. Qc2 Na6 11. a3 fxe4 12. Nxe4 Bf5 13. Rb1 Nac7 14. 0-0 e6 15. Qd3 Nf6 16. Nfg5 h6 17. Nxe6 Nxe6 18. Bf3 Nd4 19. Bc3 Nxf3+ 20. gxf3 Re8 21. Rbe1 Nh5 22. Bxg7+ Kxg7 23. Qc3+ Kh7 24. Qb3 Nxf4 25. Qc3 Bxe4 26. fxe4 Qg5+ 27. Kf2 Qg2+ 28. Ke3 Rxe4# 0-1

[Event "FRA-chT U20 1112"]
[Site "France"]
[Date "2011.12.18"]
[Round "6"]
[White "Labelle, Ambroise"]
[Black "Lary, Damien"]
[Result "0-1"]
[WhiteElo "1009"]
[BlackElo "1281"]
[PlyCount "56"]
[EventDate "2011.12.03"]
[EventType "team-swiss"]
[EventRounds "7"]
[EventCountry "FRA"]
[SourceTitle "EXT 2013"]
[Source "ChessBase"]
[SourceDate "2012.11.22"]
[SourceVersion "1"]
[SourceVersionDate "2012.11.22"]
[SourceQuality "1"]

1. e4 e5 2. Nf3 Nc6 3. Nc3 Nf6 4. Bc4 Nxe4 5. Nxe4 d5 6. Bxd5 Qxd5 7. Nc3 Qd8 8. 0-0 a6 9. Re1 Bd6 10. d4 f6 11. Bf4 0-0 12. dxe5 fxe5 13. Bxe5 Bg4 14. Bxd6 Bxf3 15. gxf3 cxd6 16. Qd5+ Kh8 17. Kg2 Rf6 18. Re6 Rf4 19. h3 Ne5 20. Rxd6 Qg5+ 21. Kf1 Raf8 22. Ne4 Qh4 23. Rd1 Rxf3 24. Rd2 Qxh3+ 25. Ke1 Re3+ 26. Re2 Nf3+ 27. Kd1 Qf1+ 28. Re1 Rxe1# 0-1

[Event "FRA-chT U20 1112"]
[Site "France"]
[Date "2011.12.17"]
[Round "4"]
[White "Lary, Damien"]
[Black "Adrian, Leopold"]
[Result "1-0"]
[WhiteElo "1281"]
[BlackElo "1210"]
[PlyCount "119"]
[EventDate "2011.12.03"]
[EventType "team-swiss"]
[EventRounds "7"]
[EventCountry "FRA"]
[SourceTitle "EXT 2013"]
[Source "ChessBase"]
[SourceDate "2012.11.22"]
[SourceVersion "1"]
[SourceVersionDate "2012.11.22"]
[SourceQuality "1"]

1. e4 d5 2. exd5 Qxd5 3. Nc3 Qa5 4. d4 Nf6 5. Nf3 Bg4 6. Bc4 Nc6 7. Be3 0-0-0 8. Bxf7 e5 9. d5 e4 10. h3 exf3 11. hxg4 fxg2 12. Rg1 Nxd5 13. Bxd5 Rxd5 14. Qxd5 Qxd5 15. Nxd5 Bb4+ 16. Nxb4 Nxb4 17. Kd1 Rd8+ 18. Kc1 b6 19. Rxg2 Nd5 20. Rg3 b5 21. Bxa7 Nf4 22. Re3 Nd5 23. Rd3 Kb7 24. Be3 Kc6 25. Kd2 Re8 26. Re1 Rf8 27. Rc1 Nf6 28. g5 Ne4+ 29. Ke2 h6 30. f3 Ng3+ 31. Kf2 Ne4+ 32. Kg2 Nd6 33. gxh6 gxh6 34. Bxh6 Rg8+ 35. Kf2 Nc4 36. Rc3 Kb6 37. a4 Rh8 38. axb5 Kxb5 39. Rb3+ Kc5 40. Be3+ Kd5 41. Rc3 Nxb2 42. Rc5+ Ke6 43. Bd4 Na4 44. Rc4 Nb6 45. Rc6+ Kd5 46. Rxb6 cxb6 47. Bxh8 Kc4 48. f4 Kc5 49. Rd1 Kb5 50. f5 Kc4 51. Rd4+ Kc3 52. Rd3+ Kxc2 53. Ke2 b5 54. Ba1 b4 55. f6 b3 56. Rc3+ Kb1 57. Rxb3+ Kxa1 58. Kd2 Ka2 59. Kc2 Ka1 60. Ra3# 1-0

[Event "FRA-chT U20 1112"]
[Site "France"]
[Date "2011.12.04"]
[Round "2.10"]
[White "Lary, Damien"]
[Black "Raynaud, Alexia"]
[Result "0-1"]
[WhiteElo "1281"]
[BlackElo "1401"]
[PlyCount "72"]
[EventDate "2011.12.03"]
[EventType "team-swiss"]
[EventRounds "7"]
[EventCountry "FRA"]
[SourceTitle "EXT 2013"]
[Source "ChessBase"]
[SourceDate "2012.11.22"]
[SourceVersion "1"]
[SourceVersionDate "2012.11.22"]
[SourceQuality "1"]

1. e4 c6 2. d4 d5 3. Nc3 dxe4 4. Nxe4 Nf6 5. Nxf6+ gxf6 6. Bc4 Bf5 7. d5 cxd5 8. Bxd5 Qc7 9. Qf3 Nc6 10. Qxf5 e6 11. Bxc6+ Qxc6 12. Qf3 Qc7 13. Qxf6 Rg8 14. Bg5 Rg6 15. Qf4 Bd6 16. Qh4 Qxc2 17. Rd1 Qxb2 18. Rxd6 Qe5+ 19. Be3 Qxd6 20. Qa4+ Kf8 21. Qc4 Qe5 22. Nf3 Qf5 23. Qb4+ Kg8 24. Nh4 Rg4 25. Qxb7 Qa5+ 26. Kf1 Rd8 27. g3 Rd1+ 28. Kg2 Rb4 29. Qc8+ Rd8 30. Qc3 Qd5+ 31. Nf3 Rg4 32. Bg5 Rxg5 33. Re1 Rf5 34. Qb4 Qxf3+ 35. Kg1 Qxf2+ 36. Kh1 Re5 0-1

[Event "FRA-chT U20 16 GP Haute 1011"]
[Site "France"]
[Date "2011.06.12"]
[Round "10"]
[White "Burri, Quentin"]
[Black "Lary, Damien"]
[Result "1-0"]
[WhiteElo "1671"]
[BlackElo "1470"]
[PlyCount "45"]
[EventDate "2010.06.20"]
[EventType "team-tourn"]
[EventRounds "11"]
[EventCountry "FRA"]
[SourceTitle "EXT 2015"]
[Source "ChessBase"]
[SourceDate "2014.11.20"]
[SourceVersion "1"]
[SourceVersionDate "2014.11.20"]
[SourceQuality "1"]
[WhiteTeam "Mulhouse Philidor (U20)"]
[BlackTeam "Grenoble (U20)"]
[WhiteTeamCountry "FRA"]
[BlackTeamCountry "FRA"]

1. e4 c5 2. Nc3 Nc6 3. Bb5 Nf6 4. Bxc6 dxc6 5. d3 e5 6. Nf3 Bd6 7. h3 0-0 8. Be3 h6 9. Qd2 Be6 10. g4 Nh7 11. 0-0-0 Qa5 12. Kb1 Rad8 13. g5 h5 14. Rdg1 c4 15. g6 fxg6 16. Rxg6 Rxf3 17. Rhg1 Bxh3 18. Rxg7+ Kh8 19. Bb6 Qxc3 20. bxc3 axb6 21. Qh6 Bf5 22. Rxh7+ Bxh7 23. Qg7# 1-0